书目信息 |
| 题名: |
稻瘟病的抗病育种
|
|
| 作者: | 清泽茂久 著 ;朱奇武 译 | |
| 分册: | ||
| 出版信息: | 北京 农业出版社 1978 |
|
| 页数: | 50页 | |
| 开本: | 19cm | |
| 丛书名: | ||
| 单 册: | ||
| 中图分类: | S511.034 | |
| 科图分类: | ||
| 主题词: | 稻-瘟病(植物)-抗性育种 , 抗性病种-瘟病(植物)-稻 , 瘟病(植物)-稻-抗性育种 | |
| 电子资源: | ||
| ISBN: | ||
| 000 | 00749nam0 2200265 45 | |
| 001 | 0178000218 | |
| 005 | 20060801150952.40 | |
| 010 | @dCNY0.15 | |
| 091 | @a16144.1825 | |
| 100 | @a19950802d1978 em y0chiy0121 ea | |
| 101 | 1 | @achi@cjpn |
| 102 | @aCN@b110000 | |
| 105 | @ay z 000yy | |
| 200 | 10 | @a稻瘟病的抗病育种@Adao wen bing de kang bing yu zhong@f(日)清泽茂久等著@g朱奇武译 |
| 210 | @a北京@c农业出版社@d1978 | |
| 215 | @a50页@d19cm | |
| 606 | @a稻-瘟病(植物)-抗性育种 | |
| 606 | @a抗性病种-瘟病(植物)-稻 | |
| 606 | @a瘟病(植物)-稻-抗性育种 | |
| 610 | 0 | @a育种 |
| 690 | @aS511.034@v3 | |
| 701 | 0 | @a清泽茂久@Aqing ze mao jiu@4著 |
| 702 | 0 | @a朱奇武@Azhu qi wu@4译 |
| 801 | 0 | @aCN@bTSSF@c20060801 |
| 905 | @a10447@dS511.034@e24 | |
| 稻瘟病的抗病育种/(日)清泽茂久等著/朱奇武译.-北京:农业出版社,1978 |
| 50页;19cm |
| ISBN :CNY0.15 |
| ● |
| 相关链接 |
|
|
|
|
正题名:稻瘟病的抗病育种
索取号:S511.034/24
 
预约/预借
| 序号 | 登录号 | 条形码 | 馆藏地/架位号 | 状态 | 备注 |
| 1 | 0439313 | 204393138 | 密集书库/ [索取号:S511.034/24] | 在馆 |